000 01005nam a2200265 a 4500
005 20240215063720.0
008 030512s1998 mx r 000 0 spa d
020 _a847738598X
035 _aUPN01000124022
049 _aCG
050 4 _aH62
_bI4.8
245 0 0 _aInvestigar mediante encuestas :
_bfundamentos teóricos y aspectos prácticos /
_ced. Antonio J. Rojas Tejada, Juan Sebastián Fernández Prados, Cristino Pérez Meléndez.
260 _aMadrid :
_bSíntesis,
_c[1998].
300 _a221 p.
440 0 _aSíntesis psicología.
_pMetodología de las ciencias del comportamiento ;
_v7
590 _aBibliografía Básica (BGTQ)
590 _a(También localizas un ejemplar en el "Area de Reserva")
650 2 _aEncuestas
_921054
650 4 _aENCUESTAS SOCIALES
_913042
650 4 _aCiencias sociales
_xInvestigación
_97497
700 1 _aRojas Tejada, Antonio J.,
_eed.
700 1 _aFernández Prados, Juan S.,
_eed.
700 1 _aPérez Meléndez, Cristino,
_eed.
905 _aLibro
999 _c96201
_d96201